000 00588nam a2200193 i 4500
001 31765
003 ES-MaACL
005 20250607063014.0
007 t|
008 030130s1964 sp ||||1| cat d
100 1 _aBenguerel, Xavier,
_d1905-1990
_927580
245 1 3 _aEl pobre senyor Font
_b: novel-la /
_cXavier Benguerel.
260 _aBarcelona :
_bClub Editor,
_c1964.
300 _a214 p. ;
_c18 cm.
490 1 _aClub dels novel-listes ;
_v31
830 0 _aClub dels novel-listes ;
_v31
_9181515
852 _aES-MaACL
_jC-50284
_bR.71654
999 _c31765
_d31765